Cyfry i Litery Alfabetu (Speedrun) - Statystyki

Ogólne statystyki
  • Ten quiz został rozwiązany 294 razy
  • Średni wynik to 12 z 36
Statystyki odpowiedzi
Letter Odpowiedź % Poprawnych
1 1
41%
R R
40%
T T
40%
A A
39%
H H
39%
B B
38%
D D
38%
F F
38%
W W
38%
Z Z
38%
9 9
37%
5 5
36%
G G
36%
K K
36%
0 0
35%
L L
35%
2 2
34%
C C
34%
N N
34%
X X
34%
3 3
33%
M M
33%
E E
32%
Q Q
32%
U U
32%
V V
32%
4 4
31%
O O
31%
S S
31%
Y Y
31%
7 7
30%
8 8
30%
6 6
29%
J J
28%
P P
28%
I I
26%
Nie znaleziono quizów pasujących do podanych kryteriów
Rozkład punktacji
Procent ludzi z każdym wynikiem
Percentyl według liczby udzielonych odpowiedzi
Twoja historia wyników
Nie rozwiązałeś tego quizu